[Event "COL-ch U20"]
[Site "Barranquilla"]
[Date "2022.07.09"]
[Round "7"]
[White "Mercado Florez, Diego Armando"]
[Black "Serrano Arrieta, Cristian"]
[Result "1/2-1/2"]
[WhiteElo "1263"]
[BlackElo "1234"]
[PlyCount "53"]
[EventDate "2022.07.06"]
[EventType "swiss"]
[EventRounds "9"]
[EventCountry "COL"]
[SourceTitle "EXT 2023"]
[Source "ChessBase"]
[SourceDate "2022.10.05"]
[SourceVersion "1"]
[SourceVersionDate "2022.10.05"]
[SourceQuality "1"]

1. e4 e5 2. Nf3 Nc6 3. Bc4 Nf6 4. d3 Be7 5. c3 d6 6. 0-0 0-0 7. Be3 Na5 8. Nbd2 Nxc4 9. Nxc4 b5 10. Ncd2 Re8 11. Qb3 Qd7 12. Ng5 Bf8 13. c4 h6 14. Ngf3 c6 15. Rac1 Bb7 16. cxb5 cxb5 17. Rc2 a5 18. Rfc1 a4 19. Qb4 Rec8 20. Rxc8 Rxc8 21. Rc3 Ng4 22. Nf1 Nxe3 23. Nxe3 Rxc3 24. bxc3 g6 25. Nd5 Bxd5 26. exd5 Qc7 27. c4 1/2-1/2

[Event "COL-ch U20"]
[Site "Barranquilla"]
[Date "2022.07.08"]
[Round "4"]
[White "Serrano Arrieta, Cristian"]
[Black "Rueda Ahumada, Daniel Alejandro"]
[Result "1-0"]
[WhiteElo "1234"]
[BlackElo "1340"]
[PlyCount "67"]
[EventDate "2022.07.06"]
[EventType "swiss"]
[EventRounds "9"]
[EventCountry "COL"]
[SourceTitle "EXT 2023"]
[Source "ChessBase"]
[SourceDate "2022.10.05"]
[SourceVersion "1"]
[SourceVersionDate "2022.10.05"]
[SourceQuality "1"]

1. e4 e5 2. Nc3 Nc6 3. g3 Bc5 4. Bg2 Nf6 5. Nge2 0-0 6. 0-0 d6 7. h3 Be6 8. Kh2 d5 9. exd5 Nxd5 10. d3 Nxc3 11. bxc3 Bd5 12. f4 Bxg2 13. Kxg2 Qd5+ 14. Kh2 Rad8 15. f5 e4 16. d4 Bb6 17. c4 Qxc4 18. c3 Ba5 19. Qb3 Qxe2+ 20. Kg1 Rd6 21. Bf4 Rf6 22. Rae1 Qd3 23. Re3 Qd2 24. d5 Ne7 25. Rxe4 Qd3 26. Rxe7 Rxf5 27. Rd1 Bb6+ 28. Kg2 Qa6 29. c4 Ba5 30. Bxc7 Bxc7 31. Rxc7 Rf2+ 32. Kxf2 Qb6+ 33. Qxb6 axb6 34. Rxb7 1-0

[Event "COL-ch U20"]
[Site "Barranquilla"]
[Date "2022.07.06"]
[Round "1"]
[White "Cordoba Perez, Jeronimo"]
[Black "Serrano Arrieta, Cristian"]
[Result "1/2-1/2"]
[WhiteElo "1838"]
[BlackElo "1234"]
[PlyCount "87"]
[EventDate "2022.07.06"]
[EventType "swiss"]
[EventRounds "9"]
[EventCountry "COL"]
[SourceTitle "EXT 2023"]
[Source "ChessBase"]
[SourceDate "2022.10.05"]
[SourceVersion "1"]
[SourceVersionDate "2022.10.05"]
[SourceQuality "1"]

1. c4 e5 2. g3 Nf6 3. Bg2 d5 4. cxd5 Nxd5 5. Nc3 Nb6 6. Nf3 Nc6 7. d3 Be7 8. Be3 Bf5 9. a3 a5 10. 0-0 h6 11. Na4 Nxa4 12. Qxa4 0-0 13. Rac1 Re8 14. Qb5 Qc8 15. Rfd1 Bf8 16. Nd2 Nd4 17. Bxd4 exd4 18. Bxb7 Rb8 19. Bxc8 Rxb5 20. Bxf5 Rxf5 21. Re1 Rb5 22. Rc2 Reb8 23. Nc4 a4 24. e4 dxe3 25. fxe3 g6 26. d4 Bg7 27. Ree2 Re8 28. Kf2 f5 29. Nd2 c5 30. Rxc5 Rxc5 31. dxc5 Rc8 32. Nc4 Rxc5 33. Nb6 Ra5 34. Rd2 Ra6 35. Nd5 Kf7 36. Rc2 Be5 37. Ke2 Bd6 38. Rc4 Be5 39. Rb4 Rc6 40. Rb7+ Ke6 41. Nb4 Rd6 42. Nd3 Rc6 43. Kd2 Bd6 44. Ra7 1/2-1/2

[Event "COL-ch U15"]
[Site "Bogota"]
[Date "2019.12.08"]
[Round "5.9"]
[White "Camelo Cifuentes, Pedro Esteban"]
[Black "Serrano Arrieta, Cristian"]
[Result "0-1"]
[WhiteElo "1394"]
[BlackElo "1222"]
[PlyCount "84"]
[EventDate "2019.12.06"]
[EventType "swiss"]
[EventRounds "6"]
[EventCountry "COL"]
[SourceTitle "EXT 2024"]
[Source "ChessBase"]
[SourceDate "2023.10.10"]
[SourceVersion "1"]
[SourceVersionDate "2023.10.10"]
[SourceQuality "1"]

1. Nf3 Nc6 2. g3 Nf6 3. Bg2 e5 4. 0-0 d5 5. d4 e4 6. Ne5 Bd6 7. Nxc6 bxc6 8. Nc3 Be6 9. Re1 Qc8 10. f3 Bh3 11. Bh1 Qe6 12. e3 h5 13. Qe2 g5 14. f4 g4 15. Bg2 Bxg2 16. Qxg2 h4 17. Rf1 Qf5 18. Bd2 hxg3 19. hxg3 0-0-0 20. Kf2 Rh3 21. Rh1 Rdh8 22. Ne2 Qh5 23. Rag1 Rxh1 24. Ba5 Rxg1 25. Qxg1 Qh2+ 26. Ke1 Qxg1+ 27. Nxg1 Rh1 28. Kf2 Rh2+ 29. Kf1 Rxc2 30. Bc3 Nd7 31. Ke1 Nb6 32. Kd1 Rg2 33. Ne2 Nc4 34. Ke1 Nxe3 35. Ba5 c5 36. dxc5 Bxc5 37. Nc3 Rxb2 38. f5 Bb4 39. Bxb4 Rxb4 40. a3 Rb3 41. Na4 Rxa3 42. Nc5 a5 0-1

[Event "COL-ch U15"]
[Site "Bogota"]
[Date "2019.12.08"]
[Round "6.7"]
[White "Serrano Arrieta, Cristian"]
[Black "Molina Ballesteros, Juan Sebastian"]
[Result "0-1"]
[WhiteElo "1222"]
[BlackElo "1504"]
[PlyCount "26"]
[EventDate "2019.12.06"]
[EventType "swiss"]
[EventRounds "6"]
[EventCountry "COL"]
[SourceTitle "EXT 2024"]
[Source "ChessBase"]
[SourceDate "2023.10.10"]
[SourceVersion "1"]
[SourceVersionDate "2023.10.10"]
[SourceQuality "1"]

1. e4 a6 2. d4 b5 3. Nc3 Bb7 4. Bd3 Nf6 5. f3 e6 6. Bg5 Be7 7. Nge2 Nc6 8. 0-0 Nxe4 9. Bxe7 Nxc3 10. Bxd8 Nxd1 11. Bxc7 Nxb2 12. Rab1 Nxd3 13. cxd3 0-0 0-1

[Event "COL-ch U15"]
[Site "Bogota"]
[Date "2019.12.07"]
[Round "3.11"]
[White "Serrano Arrieta, Cristian"]
[Black "Puentes Umbarilla, Jeronimo"]
[Result "0-1"]
[WhiteElo "1222"]
[BlackElo "1412"]
[PlyCount "79"]
[EventDate "2019.12.06"]
[EventType "swiss"]
[EventRounds "6"]
[EventCountry "COL"]
[SourceTitle "EXT 2024"]
[Source "ChessBase"]
[SourceDate "2023.10.10"]
[SourceVersion "1"]
[SourceVersionDate "2023.10.10"]
[SourceQuality "1"]

1. e4 e5 2. Nf3 Nc6 3. d4 exd4 4. Nxd4 Bc5 5. Be3 Qf6 6. c3 Nxd4 7. Bxd4 Bxd4 8. Qxd4 Qxd4 9. cxd4 d6 10. Nc3 f5 11. Bc4 Nf6 12. e5 dxe5 13. dxe5 Nd7 14. 0-0 Nc5 15. Rfd1 Be6 16. Nd5 0-0 17. b4 Ne4 18. Rd3 c6 19. Ne7+ Kf7 20. Bxe6+ Kxe6 21. f3 Ng5 22. h4 Nf7 23. Nxc6 bxc6 24. f4 Rfd8 25. Rc3 Rac8 26. Ra3 Ra8 27. Rc1 Rdc8 28. Ra6 Nd8 29. b5 Kd5 30. e6 Nxe6 31. bxc6 Nc5 32. Rxc5+ Kxc5 33. Ra5+ Kxc6 34. Rxf5 Rf8 35. Rh5 Rxf4 36. Rxh7 a5 37. Rxg7 Rxh4 38. Rg6+ Kb5 39. g4 Rah8 40. g5 0-1

[Event "COL-chT Liga Quintal"]
[Site "Barranquilla"]
[Date "2019.05.19"]
[Round "4.3"]
[White "Barrios Gonzalez, Jesus David"]
[Black "Serrano Arrieta, Cristian"]
[Result "1-0"]
[WhiteElo "1447"]
[BlackElo "1449"]
[PlyCount "69"]
[EventDate "2019.03.17"]
[EventType "team-tourn"]
[EventRounds "7"]
[EventCountry "COL"]
[SourceTitle "EXT 2024"]
[Source "ChessBase"]
[SourceDate "2023.10.10"]
[SourceVersion "1"]
[SourceVersionDate "2023.10.10"]
[SourceQuality "1"]
[WhiteTeam "Ajedrez Baranoa"]
[BlackTeam "Quintal G"]
[WhiteTeamCountry "COL"]
[BlackTeamCountry "COL"]

1. d4 d5 2. c4 c6 3. Nc3 Nf6 4. g3 Bf5 5. Bg2 e6 6. Nf3 Nbd7 7. 0-0 Be7 8. b3 Qc7 9. Nd2 c5 10. e3 a6 11. cxd5 exd5 12. Nxd5 Nxd5 13. Bxd5 Nb6 14. Bg2 0-0 15. Bb2 Rac8 16. Rc1 Qd7 17. e4 Bh3 18. d5 Bxg2 19. Kxg2 f5 20. f3 g5 21. Nc4 Nxc4 22. bxc4 b5 23. e5 Rfe8 24. Re1 Bf8 25. e6 Qd6 26. Be5 Qb6 27. Qd3 f4 28. Qf5 Qb7 29. Qxg5+ Bg7 30. d6 Rxe6 31. Bxg7 Rg6 32. Qxf4 Rxg7 33. Re7 Rf8 34. Rxb7 Rxf4 35. Rxg7+ 1-0

[Event "COL-chT Liga Quintal"]
[Site "Barranquilla"]
[Date "2019.03.25"]
[Round "2.3"]
[White "Steffens, Juan Carlos"]
[Black "Serrano Arrieta, Cristian"]
[Result "1/2-1/2"]
[WhiteElo "1655"]
[BlackElo "1449"]
[PlyCount "88"]
[EventDate "2019.03.17"]
[EventType "team-tourn"]
[EventRounds "7"]
[EventCountry "COL"]
[SourceTitle "EXT 2024"]
[Source "ChessBase"]
[SourceDate "2023.10.10"]
[SourceVersion "1"]
[SourceVersionDate "2023.10.10"]
[SourceQuality "1"]
[WhiteTeam "Centro Ajedrez Bquilla"]
[BlackTeam "Quintal G"]
[WhiteTeamCountry "COL"]
[BlackTeamCountry "COL"]

1. d4 Nf6 2. c4 e6 3. Nf3 b6 4. g3 Ba6 5. Qc2 c5 6. Bg2 Bb7 7. 0-0 d6 8. Nc3 Nbd7 9. e4 e5 10. d5 Ba6 11. b3 Be7 12. Re1 Rb8 13. a4 0-0 14. Nd1 Re8 15. Ne3 Bf8 16. Nf5 Qc7 17. Bh3 h6 18. Bd2 Bc8 19. Qc1 Nh7 20. g4 g5 21. Kh1 Ndf6 22. Rg1 Nxe4 23. Be3 Bxf5 24. gxf5 Kh8 25. Rg2 f6 26. Qc2 g4 27. Rxg4 Neg5 28. Rag1 Be7 29. Nh4 Rg8 30. Ng6+ Rxg6 31. fxg6 Nf8 32. Rh4 Kg7 33. Bxg5 fxg5 34. Rhg4 Qd8 35. R4g3 Nxg6 36. Bf5 Qe8 37. Rf3 Nf4 38. Qe4 Qf7 39. Be6 Qg6 40. Bf5 Qf6 41. Be6 Qg6 42. Bf5 Qf7 43. Ra1 a5 44. Re1 Rf8 1/2-1/2